000 00996nam a2200337 a 4500
001 35697
003 AR-BaAGN
005 20231116150203.0
007 ta
008 220625s2001 ag |||||r|||| ||||||spa d
020 _a987-20273-0-7
040 _dAR-BaAGN
_aAR-BaAGN
_bspa
_eaacr
100 1 _aTinti, Pedro León
245 1 0 _aCórdoba y su justicia. 1573-1926
260 _aCórdoba :
_bPoder Judicial de la Provincia de Córdoba. Centro de Perfeccionamiento Ricardo C. Núñez,
_c2001.
300 _a205 páginas :
_bil. col.
336 _2rdacontent
_btxt
337 _2rdamedia
_bn
338 _2rdacarrier
_bnc
610 1 4 _aPODER JUDICIAL de CORDOBA
610 1 4 _aTRIBUNAL SUPERIOR de JUSTICIA (CORDOBA)
650 4 _aHISTORIA INSTITUCIONAL
_91046
650 4 _aPODER JUDICIAL
_91919
650 4 _aPOLÍTICA
_92164
651 4 _aCórdoba
_93799
651 4 _aArgentina
_93645
700 1 _aMarengo, Carmen Nydia
942 _cLIBRO
999 _c35697
_d35697